| 000 | 00752nam a22002532 4500 | ||
|---|---|---|---|
| 001 | 34791 | ||
| 003 | BD-RjUL | ||
| 005 | 20211209052219.0 | ||
| 008 | 140519s1971 nyuab b 000 0 eng d | ||
| 020 | _a0030833736 | ||
| 035 |
_aOCLC ocm00161208 from D970510M _a(BD-RjUL)34885 |
||
| 040 |
_aDLC _cDLC _dBD-RjUL _beng |
||
| 041 | _aeng | ||
| 082 |
_a301.451924073 _bDIA 19771 |
||
| 100 | 1 |
_aDinnerstein, Leonard. _984187 |
|
| 245 | 1 | 0 | _aAntisemitism in the United States / |
| 260 |
_aNew York : _bHolt, Rinehart and Winston, _c1971. |
||
| 300 |
_a[4] 140 p. : _billus., map. ; _c24 cm. |
||
| 490 | 0 | _aAmerican problem studies | |
| 650 | 0 |
_aAntisemitism _zUnited States. _9105894 |
|
| 942 |
_2ddc _cBK |
||
| 999 |
_c34791 _d34791 |
||